The logical character of natural laws : (Record no. 96562)

MARC details
000 -LEADER
fixed length control field 00650nam a22001937a 4500
005 - DATE AND TIME OF LATEST TRANSACTION
control field 20230411125020.0
010 ## - LCCN (DPL NO)
LC control number ENG-113955
020 ## - INTERNATIONAL STANDARD BOOK NUMBER
Terms of availability 900.00
International Standard Book Number 9789380336923
035 ## - SYSTEM CONTROL NUMBER
System control number EN-97487
037 ## - SOURCE OF ACQUISITION
Source of stock number/acquisition DBAD/PUB
Stock number dpl
082 ## - DEWEY DECIMAL CLASSIFICATION NUMBER
Classification number 171.2
100 ## - MAIN ENTRY--PERSONAL NAME
Personal name Chaudhuri, Nandita
245 ## - TITLE STATEMENT
Title The logical character of natural laws :
Statement of responsibility, etc by Nandita Chaudhuri
Remainder of title an examination of Kneale's view /
260 ## - PUBLICATION, DISTRIBUTION, ETC. (IMPRINT)
Place of publication, distribution, etc Kolkata
Name of publisher, distributor, etc Maha Bodhi Book Agency
Date of publication, distribution, etc 2015
270 ## - ADDRESS
Address 4A, Bankim Chatterjee Street, College Square,
City Kolkata
Postal code 700073
300 ## - PHYSICAL DESCRIPTION
Extent xvi,386p.
Dimensions 22cm(hbk)
500 ## - GENERAL NOTE
General note Includes bibliographical references and index
942 ## - ADDED ENTRY ELEMENTS (KOHA)
Source of classification or shelving scheme Dewey Decimal Classification
Item type English Books
Call number suffix CHA
Holdings
Withdrawn status Lost status Not for loan Collection code Home library Current library Date acquired Source of acquisition Cost, normal purchase price Full call number Barcode Copy number Cost, replacement price Koha item type
      Non-fiction Central Jail Tihar Central Jail Tihar 31/08/2015 DBAD/PUB 900.00 171.2 CHA EN-97487 1 900.00 English Books

© Delhi Public Library
Hit Counter
free hit counter